• 首页
  • 本馆介绍
  • 公告通知
  • 最新文献
  • 馆藏检索
  • 电子资源
  • 读者导购
  • 参考咨询
  • 我的图书馆
  • 登录
  • 详细信息显示
  • 放入我的书架
  • 预约/预借图书
  • 作者相关作品
  • 分类相关作品
  • 丛书相关作品
  • 出版社相关作品

书目信息

  • 表格格式
  • 工作单格式
  • 卡片格式
题名:
铁人三项训练全书
    
 
作者: 贝金赛尔 著 ;胡适 , 徐红 译
分册:  
出版信息: 北京   电子工业出版社  2019.05
页数: 168页
开本: 24cm
丛书名: “文化生活”百科丛书
单 册:
中图分类: G888.12
科图分类:
主题词: 铁人三项全能运动--tie ren san xiang quan neng yun dong--运动训练
电子资源:
ISBN: 978-7-121-34787-0
000 01545nam 2200337 450
001 012001002192
005 20141203120248.0
010    @a978-7-121-34787-0@dCNY78.00
099    @aCAL 012019090996
100    @a20220905d2019 em y0chiy50 ea
101 1  @achi@ceng
102    @aCN@b110000
105    @aak z 001yy
106    @ar
200 1  @a铁人三项训练全书@Atie ren san xiang xun lian quan shu@f(英) 詹姆斯·贝金赛尔著@d= The triathlon training book@fJames Beckinsale@g胡适, 徐红译@zeng
210    @a北京@c电子工业出版社@d2019.05
215    @a168页@c图@d24cm
225 2  @a“文化生活”百科丛书@A“wen hua sheng huo ”bai ke cong shu
306    @a本书中文简体版专有出版权由Dorling Kindersley授权电子工业出版社
314    @a詹姆斯·贝金赛尔, 科学硕士, 英国铁人三项协会高级教练, 他是英国顶尖的铁人三项教练。胡适, 网名胡悍三, 天津大学化学系教授, 水木铁人三项队主要创始人, 全球铁人三项运动高级顾问。
320    @a有索引
330    @a本书内容清晰、图文结合讲解, 包含训练在内所有前期准备工作 (营养、工具、设备、比赛策略等), 可定制的培训计划能为读者提供循序渐进的锻炼过程。无论是新手还是铁人三项老手, 本书都能给出安全、科学、有效的指导。
410  0 @12001 @a“文化生活”百科丛书
510 1  @aTriathlon training book@zeng
606 0  @a铁人三项全能运动@Atie ren san xiang quan neng yun dong@x运动训练
690    @aG888.12@v5
701  1 @a贝金赛尔@Abei jin sai er@g(Beckinsale, James)@4著
702  0 @a胡适@AHu Shi@4译
702  0 @a徐红@AXu Hong@4译
801  0 @aCN@bAHXH@c20221111
905    @b1372311-5@dG888.12@e237@f5
    
    铁人三项训练全书/(英) 詹姆斯·贝金赛尔著= The triathlon training book/James Beckinsale/胡适, 徐红译.-北京:电子工业出版社,2019.05
    168页:图;24cm.-(“文化生活”百科丛书)
    
    
    ISBN 978-7-121-34787-0:CNY78.00
    本书内容清晰、图文结合讲解, 包含训练在内所有前期准备工作 (营养、工具、设备、比赛策略等), 可定制的培训计划能为读者提供循序渐进的锻炼过程。无论是新手还是铁人三项老手, 本书都能给出安全、科学、有效的指导。
●
相关链接 在E读中查询图书 在五车中查询图书 在当当中查询图书 在豆瓣中查询图书


正题名:铁人三项训练全书     索取号:G888.12/237         预约/预借

序号 登录号 条形码 馆藏地/架位号 状态 备注
1 1372311   213723112   第一样本阅览室/ [索取号:G888.12/237] 在馆    
2 1372312   213723121   教育系资料室/ [索取号:G888.12/237] 在馆    
3 1372313   213723130   教育系资料室/ [索取号:G888.12/237] 在馆    
4 1372314   213723149   第四借阅区/ [索取号:G888.12/237] 在馆    
5 1372315   213723158   第四借阅区/ [索取号:G888.12/237] 在馆    
唐山师范学院图书馆 欢迎您!
大连网信软件有限公司© 版权所有